[Event "Madrid ch Veteranos 2010"]
[Site "Madrid ESP"]
[Date "2010.02.08"]
[Round "1.1"]
[White "Estrada Martinez, Cesar"]
[Black "Hernandez Del Can, Jose"]
[Result "1-0"]
[WhiteElo "2182"]
[BlackElo "1821"]
[PlyCount "65"]
[EventDate "2010.02.08"]
[EventType "swiss"]
[EventRounds "9"]
[EventCountry "ESP"]
[Source "lmi"]
[SourceDate "2010.02.08"]

1. Nf3 Nf6 2. c4 g6 3. d4 Bg7 4. Nc3 d5 5. cxd5 Nxd5 6. e4 Nxc3 7. bxc3 c5 8.
Be3 O-O 9. Be2 Nc6 10. O-O cxd4 11. cxd4 Bg4 12. d5 Bxf3 13. Bxf3 Ne5 14. Be2
a6 15. f4 Nd7 16. Rc1 Rc8 17. Qd2 Rxc1 18. Rxc1 Qb8 19. Qc2 b5 20. Qc7 Rd8 21.
e5 Kf8 22. Bg4 f5 23. Bf3 g5 24. g3 gxf4 25. gxf4 Bh6 26. Kf2 Bg7 27. Qc2 Nxe5
28. Qxf5+ Kg8 29. fxe5 Rf8 30. Qe6+ Kh8 31. Bh6 Rxf3+ 32. Kxf3 Qf8+ 33. Bf4 1-0

[Event "Madrid ch Veteranos 2010"]
[Site "Madrid ESP"]
[Date "2010.02.08"]
[Round "1.2"]
[White "Diaz Begonte, Manuel"]
[Black "Sanchez-Guijaldo Vela, Demetrio"]
[Result "0-1"]
[WhiteElo "1820"]
[BlackElo "2149"]
[PlyCount "86"]
[EventDate "2010.02.08"]
[EventType "swiss"]
[EventRounds "9"]
[EventCountry "ESP"]
[Source "lmi"]
[SourceDate "2010.02.08"]

1. e4 e6 2. d4 d5 3. exd5 exd5 4. Nf3 Nf6 5. Bg5 Bd6 6. Be2 O-O 7. O-O h6 8.
Bh4 Re8 9. Nbd2 Bf5 10. c4 c6 11. c5 Bc7 12. Re1 Nbd7 13. Nf1 Ba5 14. N3d2 Qb8
15. Bg3 Bc7 16. Ne3 Bg6 17. Bxc7 Qxc7 18. Nf3 Be4 19. Bd3 Qf4 20. Bxe4 dxe4 21.
Nd2 Rad8 22. Qb3 Nxc5 23. dxc5 Rxd2 24. Rf1 Qc7 25. Nc4 Rd5 26. Nd6 Rb8 27. Qc2
b6 28. Nxe4 Nxe4 29. Qxe4 Rxc5 30. Rfe1 Rd5 31. Rac1 Rbd8 32. g3 c5 33. Rc2 g6
34. a3 Rd4 35. Qe3 Qd7 36. Qxh6 Rd1 37. Rce2 Rxe1+ 38. Rxe1 Qd4 39. Qc1 Qd2 40.
Qb1 Rd3 41. Kf1 Rf3 42. Re2 Qd4 43. Qe4 Rxf2+ 0-1

[Event "Madrid ch Veteranos 2010"]
[Site "Madrid ESP"]
[Date "2010.02.08"]
[Round "1.3"]
[White "Ciuro Muñoz, Ricardo"]
[Black "Gonzalez Cespedes, Manuel"]
[Result "1/2-1/2"]
[WhiteElo "2138"]
[BlackElo "1810"]
[PlyCount "111"]
[EventDate "2010.02.08"]
[EventType "swiss"]
[EventRounds "9"]
[EventCountry "ESP"]
[Source "lmi"]
[SourceDate "2010.02.08"]

1. e4 e5 2. Nf3 Nc6 3. Bb5 a6 4. Ba4 Nf6 5. O-O b5 6. Bb3 Be7 7. Re1 d6 8. c3
Na5 9. Bc2 O-O 10. d4 Bg4 11. dxe5 Bxf3 12. Qxf3 dxe5 13. Nd2 c5 14. Nf1 Re8
15. Ng3 g6 16. Bg5 Kg7 17. Nf1 Nc4 18. b3 Nb6 19. h3 Qc7 20. g4 h5 21. Bxf6+
Bxf6 22. gxh5 Rh8 23. Ng3 Bh4 24. hxg6 fxg6 25. Qg4 Bxg3 26. fxg3 Qd7 27. Qxd7+
Nxd7 28. Kg2 Nf6 29. Rad1 Rad8 30. h4 Ng4 31. Kf3 Nh2+ 32. Ke2 Rhf8 33. Rd5 Ng4
34. Rxd8 Rxd8 35. Rf1 Nh2 36. Rd1 Rf8 37. Rd3 Ng4 38. Rf3 Rd8 39. Bd1 Nh2 40.
Rd3 Rf8 41. Ke1 Rf1+ 42. Kd2 Rf2+ 43. Be2 g5 44. hxg5 Kg6 45. Rd6+ Kxg5 46. Ke1
Rg2 47. Re6 Ng4 48. Bxg4 Kxg4 49. Rxe5 Kf3 50. Rxc5 Kxe4 51. g4 Rxg4 52. a4 Ke3
53. Re5+ Kd3 54. axb5 axb5 55. Rc5 Rg2 56. Rxb5 1/2-1/2

[Event "Madrid ch Veteranos 2010"]
[Site "Madrid ESP"]
[Date "2010.02.08"]
[Round "1.4"]
[White "Fernandez- Bujarrabal, Pedro"]
[Black "Carbonell Martinez, Juan"]
[Result "0-1"]
[WhiteElo "1804"]
[BlackElo "2083"]
[PlyCount "66"]
[EventDate "2010.02.08"]
[EventType "swiss"]
[EventRounds "9"]
[EventCountry "ESP"]
[Source "lmi"]
[SourceDate "2010.02.08"]

1. e4 e5 2. Nf3 Nc6 3. Bb5 a6 4. Bxc6 dxc6 5. Nc3 Bd6 6. d4 Bg4 7. dxe5 Bxf3 8.
Qxf3 Bxe5 9. Bd2 Qf6 10. Qxf6 Nxf6 11. O-O-O O-O 12. f3 Rfd8 13. g3 b5 14. Rhe1
a5 15. f4 Bd4 16. Nb1 Ng4 17. Re2 Bb6 18. Rf1 Rd7 19. h3 Nf6 20. Ree1 Re8 21.
e5 Nd5 22. a3 c5 23. c4 bxc4 24. Nc3 Nxc3 25. Bxc3 Rd3 26. Rd1 a4 27. Rxd3 cxd3
28. Rf3 c4 29. f5 Rd8 30. g4 Bd4 31. Bxd4 Rxd4 32. Re3 Rf4 33. Kd2 Rf2+ 0-1

[Event "Madrid ch Veteranos 2010"]
[Site "Madrid ESP"]
[Date "2010.02.08"]
[Round "1.5"]
[White "Lorite Cruz, Francisco"]
[Black "Benito Alba, Eladio"]
[Result "1-0"]
[WhiteElo "2073"]
[BlackElo "1804"]
[PlyCount "25"]
[EventDate "2010.02.08"]
[EventType "swiss"]
[EventRounds "9"]
[EventCountry "ESP"]
[Source "lmi"]
[SourceDate "2010.02.08"]

1. e4 c6 2. d4 d5 3. exd5 cxd5 4. c4 Nf6 5. Nc3 e6 6. Nf3 Nc6 7. c5 Be7 8. Bd3
O-O 9. a3 b6 10. b4 bxc5 11. bxc5 Rb8 12. O-O Re8 13. Bf4 1-0

[Event "Madrid ch Veteranos 2010"]
[Site "Madrid ESP"]
[Date "2010.02.08"]
[Round "1.6"]
[White "Pardiñas Riaño, Emilio"]
[Black "Fuentes Arjona, Antonio"]
[Result "0-1"]
[WhiteElo "1801"]
[BlackElo "2041"]
[PlyCount "32"]
[EventDate "2010.02.08"]
[EventType "swiss"]
[EventRounds "9"]
[EventCountry "ESP"]
[Source "lmi"]
[SourceDate "2010.02.08"]

1. e4 c5 2. Nf3 Nc6 3. d4 cxd4 4. Nxd4 g6 5. Be3 Bg7 6. Be2 Nf6 7. Nc3 O-O 8.
O-O d5 9. exd5 Nxd5 10. Nxd5 Qxd5 11. Bf3 Qd7 12. Nxc6 bxc6 13. c3 Rb8 14. Qe2
Qb7 15. Bf4 e5 16. Bxe5 Re8 0-1

[Event "Madrid ch Veteranos 2010"]
[Site "Madrid ESP"]
[Date "2010.02.08"]
[Round "1.7"]
[White "Garcia Gutierrez, Jose"]
[Black "Ortega Morales, Pedro"]
[Result "1-0"]
[WhiteElo "2027"]
[BlackElo "1791"]
[PlyCount "75"]
[EventDate "2010.02.08"]
[EventType "swiss"]
[EventRounds "9"]
[EventCountry "ESP"]
[Source "lmi"]
[SourceDate "2010.02.08"]

1. e4 e5 2. d4 exd4 3. f4 Bb4+ 4. Nd2 Qh4+ 5. g3 Qe7 6. Bd3 d5 7. e5 Nf6 8. Qe2
Ng4 9. a3 Ba5 10. b4 Bb6 11. Ngf3 Ne3 12. Nb3 Bg4 13. c3 Nf5 14. Bxf5 Bxf5 15.
cxd4 h6 16. O-O O-O 17. Be3 Nd7 18. Nh4 Bh3 19. Rf2 g5 20. fxg5 hxg5 21. Nf5
Bxf5 22. Rxf5 f6 23. Raf1 Rae8 24. Nc5 Bxc5 25. bxc5 Rf7 26. Bxg5 Qe6 27. Bh6
Rh7 28. Qg4+ Kh8 29. Bd2 Rg8 30. Qf3 fxe5 31. Rh5 Rgg7 32. dxe5 Rxh5 33. Qxh5+
Rh7 34. Qg5 Qe7 35. Qf5 Nxc5 36. e6 Nxe6 37. Re1 Nd4 38. Qc8+ 1-0

[Event "Madrid ch Veteranos 2010"]
[Site "Madrid ESP"]
[Date "2010.02.08"]
[Round "1.8"]
[White "Keller, August"]
[Black "Lopez Heras, Arturo"]
[Result "0-1"]
[WhiteElo "1771"]
[BlackElo "2005"]
[PlyCount "34"]
[EventDate "2010.02.08"]
[EventType "swiss"]
[EventRounds "9"]
[EventCountry "ESP"]
[Source "lmi"]
[SourceDate "2010.02.08"]

1. e4 e5 2. Nf3 Nc6 3. Bb5 f5 4. d4 fxe4 5. Nxe5 Nxe5 6. dxe5 c6 7. Bc4 Qa5+ 8.
Bd2 Qxe5 9. O-O d5 10. Bb3 Nf6 11. Bc3 Qg5 12. f4 Bc5+ 13. Kh1 Qh5 14. Qxh5+
Nxh5 15. Nd2 Bf5 16. g3 d4 17. g4 dxc3 0-1

[Event "Madrid ch Veteranos 2010"]
[Site "Madrid ESP"]
[Date "2010.02.08"]
[Round "1.9"]
[White "Garcia Esteban, Juan Ignacio"]
[Black "Corredor Gonzalez, Angel L"]
[Result "1-0"]
[WhiteElo "2002"]
[BlackElo "1768"]
[PlyCount "85"]
[EventDate "2010.02.08"]
[EventType "swiss"]
[EventRounds "9"]
[EventCountry "ESP"]
[Source "lmi"]
[SourceDate "2010.02.08"]

1. e4 e5 2. Nf3 Nf6 3. Bc4 Nxe4 4. d3 Nxf2 5. Kxf2 Bc5+ 6. Kf1 d5 7. Bb3 Nc6 8.
Nc3 Be6 9. Qe1 O-O 10. Bg5 f6 11. Bh4 Nd4 12. Nxd4 Bxd4 13. Bf2 Re8 14. Qd2 c6
15. Re1 f5 16. h4 Bxf2 17. Qxf2 e4 18. Kg1 d4 19. Bxe6+ Rxe6 20. Ne2 exd3 21.
cxd3 Qe7 22. g3 Re8 23. Rh2 Qb4 24. Rf1 Rxe2 25. Qxe2 Rxe2 26. Rxe2 Qb5 27. Rf3
g6 28. b3 Qd5 29. Rf1 a5 30. Kf2 b5 31. Re7 c5 32. Rfe1 c4 33. bxc4 bxc4 34.
Rb1 Qd6 35. Rbb7 Kf8 36. Rxh7 Qe5 37. Rb8+ Qxb8 38. Rh8+ Ke7 39. Rxb8 c3 40.
Ke1 Kd6 41. Rb5 a4 42. Kd1 Kc6 43. Ra5 1-0

[Event "Madrid ch Veteranos 2010"]
[Site "Madrid ESP"]
[Date "2010.02.08"]
[Round "1.10"]
[White "Gonzalo Gonzalez, Francisco"]
[Black "Moragrega Herrero, Juan Jose"]
[Result "1-0"]
[WhiteElo "1761"]
[BlackElo "1981"]
[PlyCount "79"]
[EventDate "2010.02.08"]
[EventType "swiss"]
[EventRounds "9"]
[EventCountry "ESP"]
[Source "lmi"]
[SourceDate "2010.02.08"]

1. e4 e6 2. Nc3 d5 3. exd5 exd5 4. Nf3 c6 5. d4 Bd6 6. Bd3 Bg4 7. O-O Ne7 8. h3
Bh5 9. Bg5 f6 10. Bh4 O-O 11. Re1 Qc7 12. Bg3 Bxg3 13. fxg3 Bg6 14. Qe2 Rf7 15.
Nh4 Qxg3 16. Nxg6 hxg6 17. Qe6 Qc7 18. Re2 Nd7 19. Rae1 Nf8 20. Qg4 Rd8 21. Na4
b6 22. b3 Qd6 23. Re3 Rd7 24. Nc3 f5 25. Qh4 Nh7 26. Re6 Qb4 27. Nd1 Nf6 28. c3
Qa3 29. R1e2 Ne4 30. Qf4 g5 31. Qb8+ Rf8 32. Qe5 Qc1 33. Bc2 Kf7 34. g3 Rh8 35.
Kg2 Rf8 36. Ne3 Nxc3 37. Rf2 Ne4 38. Bxe4 Qxe3 39. Rxe7+ Rxe7 40. Qxf5+ 1-0

[Event "Madrid ch Veteranos 2010"]
[Site "Madrid ESP"]
[Date "2010.02.08"]
[Round "1.11"]
[White "Gabriel Y Galan Acevedo, Jesus"]
[Black "Tome Salvador, Jose Antonio"]
[Result "1-0"]
[WhiteElo "1964"]
[BlackElo "1739"]
[PlyCount "83"]
[EventDate "2010.02.08"]
[EventType "swiss"]
[EventRounds "9"]
[EventCountry "ESP"]
[Source "lmi"]
[SourceDate "2010.02.08"]

1. d4 d5 2. Nf3 Nf6 3. c4 e6 4. Nc3 Be7 5. cxd5 exd5 6. Bf4 c6 7. e3 Bf5 8. Qb3
Qb6 9. Nd2 Nbd7 10. Be2 Qxb3 11. Nxb3 b6 12. O-O O-O 13. Ba6 Rae8 14. Bb7 c5
15. Nxd5 Nxd5 16. Bxd5 Nf6 17. Bc6 Bd7 18. Bf3 cxd4 19. Nxd4 Bc5 20. Nb3 Be7
21. Rac1 Rc8 22. Bb7 Rxc1 23. Rxc1 Be6 24. Nd4 Bd5 25. Rc7 Bc5 26. a3 a5 27.
Nf5 Bxb7 28. Rxb7 Rd8 29. h3 h6 30. Be5 Ne8 31. Bd4 Bxd4 32. Nxd4 Rd6 33. Rb8
Kf8 34. Nb5 Rc6 35. Nd4 Rd6 36. Kf1 g6 37. Nb5 Rc6 38. Ke2 Ke7 39. Rb7+ Kf8 40.
Rb8 Ke7 41. Nc3 Nd6 42. Rxb6 1-0

[Event "Madrid ch Veteranos 2010"]
[Site "Madrid ESP"]
[Date "2010.02.08"]
[Round "1.12"]
[White "Martinez Miura, Enrique"]
[Black "Osorio Ramos, Francisco"]
[Result "1/2-1/2"]
[WhiteElo "1724"]
[BlackElo "1944"]
[PlyCount "54"]
[EventDate "2010.02.08"]
[EventType "swiss"]
[EventRounds "9"]
[EventCountry "ESP"]
[Source "lmi"]
[SourceDate "2010.02.08"]

1. Nf3 Nf6 2. d4 d6 3. c4 g6 4. g3 Bg7 5. Bg2 O-O 6. O-O Nc6 7. Nc3 a6 8. e4
Rb8 9. a4 Bd7 10. Re1 e5 11. d5 Ne7 12. Qd3 Ne8 13. Be3 f5 14. Qd2 Nf6 15. Bh6
Qe8 16. Bxg7 Kxg7 17. a5 h6 18. b4 Qf7 19. h3 Rh8 20. Nh2 g5 21. exf5 Bxf5 22.
Ne4 Nxe4 23. Bxe4 Bxh3 24. g4 Qf4 25. Qxf4 gxf4 26. Ra3 Bxg4 27. Nxg4 Rbg8
1/2-1/2

[Event "Madrid ch Veteranos 2010"]
[Site "Madrid ESP"]
[Date "2010.02.08"]
[Round "1.13"]
[White "Perez Cameselle, Francisco"]
[Black "Ramos Orea, Tomas"]
[Result "1-0"]
[WhiteElo "1944"]
[BlackElo "1715"]
[PlyCount "57"]
[EventDate "2010.02.08"]
[EventType "swiss"]
[EventRounds "9"]
[EventCountry "ESP"]
[Source "lmi"]
[SourceDate "2010.02.08"]

1. Nf3 d5 2. g3 c6 3. Bg2 Nf6 4. O-O Bf5 5. d3 e6 6. Nbd2 Be7 7. e3 Nbd7 8. Qe2
h6 9. e4 dxe4 10. dxe4 Bg4 11. h3 Bh5 12. Rd1 Qc7 13. a4 g5 14. a5 g4 15. hxg4
Bxg4 16. Nc4 Rd8 17. e5 Nd5 18. Nd6+ Kf8 19. c4 Nb4 20. Bf4 Kg7 21. Rd2 Nf8 22.
Qe3 Ng6 23. Rad1 Nxf4 24. Qxf4 Bh5 25. g4 Bg6 26. g5 hxg5 27. Nxg5 Bxg5 28.
Qxg5 Rdf8 29. Qf6+ 1-0

[Event "Madrid ch Veteranos 2010"]
[Site "Madrid ESP"]
[Date "2010.02.08"]
[Round "1.14"]
[White "Rodriguez Lopez-Cañizares, Francisco"]
[Black "Martin-Consuegra Barrilero, Francisco Javier"]
[Result "0-1"]
[WhiteElo "1699"]
[BlackElo "1905"]
[PlyCount "86"]
[EventDate "2010.02.08"]
[EventType "swiss"]
[EventRounds "9"]
[EventCountry "ESP"]
[Source "lmi"]
[SourceDate "2010.02.08"]

1. e4 d6 2. d4 Nf6 3. Nc3 Nbd7 4. Bc4 e5 5. Nf3 Be7 6. O-O O-O 7. Ng5 c6 8. Be3
Nb6 9. Be2 h6 10. dxe5 hxg5 11. exf6 Bxf6 12. Qd2 Be6 13. b3 Qe7 14. f4 gxf4
15. Bxf4 Be5 16. Bd3 Qf6 17. Bxe5 Qxe5 18. Ne2 Rad8 19. Qc3 Qxc3 20. Nxc3 Nd7
21. Ne2 Ne5 22. Nf4 Bc8 23. Be2 Rfe8 24. Nd3 Nxd3 25. cxd3 d5 26. Bh5 g6 27.
Bf3 dxe4 28. dxe4 Rd2 29. Rf2 Red8 30. h3 Be6 31. Rxd2 Rxd2 32. Kf1 c5 33. Bg4
Bxg4 34. hxg4 g5 35. a3 Rb2 36. b4 c4 37. Rc1 b5 38. Rc3 Kg7 39. Rf3 Rb3 40.
Ke2 Rxf3 41. gxf3 Kf6 42. Kd2 Ke5 43. Ke3 a6 0-1

[Event "Madrid ch Veteranos 2010"]
[Site "Madrid ESP"]
[Date "2010.02.08"]
[Round "1.15"]
[White "Fernandez Garcia, Ignacio"]
[Black "Poblador Dieguez, Alfredo"]
[Result "1-0"]
[WhiteElo "1905"]
[BlackElo "1673"]
[PlyCount "133"]
[EventDate "2010.02.08"]
[EventType "swiss"]
[EventRounds "9"]
[EventCountry "ESP"]
[Source "lmi"]
[SourceDate "2010.02.08"]

1. e4 c5 2. c3 e6 3. d4 a6 4. Nf3 d5 5. e5 f6 6. Bd3 g6 7. exf6 Nxf6 8. Bg5
cxd4 9. cxd4 Nc6 10. O-O Bg7 11. Nc3 O-O 12. Re1 Bd7 13. a3 Qb6 14. Na4 Qc7 15.
b4 b6 16. Rc1 Qb7 17. b5 axb5 18. Bxb5 Rfe8 19. Rb1 Nb8 20. Bxd7 Nbxd7 21. Nc5
Qa7 22. Nxe6 Ne4 23. Nxg7 Kxg7 24. Qb3 Ndf6 25. Bxf6+ Nxf6 26. Rxe8 Rxe8 27.
Qxb6 Qxa3 28. h3 Qe7 29. Ne5 Nd7 30. Nxd7 Qxd7 31. Qa6 Kg8 32. Rb7 Qe6 33.
Qxe6+ Rxe6 34. Rd7 Re1+ 35. Kh2 Re2 36. f3 Rd2 37. Rxd5 Kg7 38. Rd7+ Kf6 39.
Kg3 h6 40. h4 Ke6 41. Rd8 Ke7 42. Rd5 Ke6 43. Re5+ Kf6 44. Re4 Kf5 45. Kh3 h5
46. g4+ hxg4+ 47. Rxg4 Rd3 48. Kg3 Rd1 49. Rg5+ Kf6 50. d5 Rg1+ 51. Kf4 Rh1 52.
Rg4 Re1 53. Rg5 Rh1 54. Kg3 Rg1+ 55. Kf2 Rxg5 56. hxg5+ Kxg5 57. Ke3 Kf6 58.
Kf4 g5+ 59. Ke4 Ke7 60. Ke5 Kd7 61. d6 Kd8 62. Kf6 Kd7 63. Kxg5 Kxd6 64. Kf6
Kd7 65. f4 Ke8 66. Kg7 Ke7 67. f5 1-0

[Event "Madrid ch Veteranos 2010"]
[Site "Madrid ESP"]
[Date "2010.02.08"]
[Round "1.16"]
[White "Cortijo Manso, Luis"]
[Black "Minguela Muñoz, Bienvenido"]
[Result "0-1"]
[WhiteElo "1614"]
[BlackElo "1900"]
[PlyCount "88"]
[EventDate "2010.02.08"]
[EventType "swiss"]
[EventRounds "9"]
[EventCountry "ESP"]
[Source "lmi"]
[SourceDate "2010.02.08"]

1. e4 c5 2. Nf3 e6 3. d4 cxd4 4. Nxd4 Nc6 5. c4 a6 6. a3 Nf6 7. Nc3 Be7 8. Be2
O-O 9. Be3 Qc7 10. O-O b6 11. f4 Bb7 12. e5 Nxd4 13. Bxd4 Ne4 14. Nxe4 Bxe4 15.
Bf3 Bxf3 16. Rxf3 f5 17. Rc1 Rac8 18. Rfc3 Qb7 19. Qf3 Qxf3 20. Rxf3 Rc6 21. b4
Rfc8 22. Rfc3 Kf7 23. Kf2 d6 24. exd6 Bxd6 25. g3 g5 26. Be5 Bxe5 27. fxe5 h5
28. c5 bxc5 29. Rxc5 Rxc5 30. Rxc5 Rxc5 31. bxc5 Ke7 32. Kf3 Kd7 33. h4 gxh4
34. gxh4 Kc6 35. Kf4 Kxc5 36. Kg5 f4 37. Kxf4 Kd4 38. Kg5 Kxe5 39. Kxh5 Kf5 40.
Kh6 e5 41. h5 Kf6 42. Kh7 Kf7 43. h6 e4 44. Kh8 e3 0-1

[Event "Madrid ch Veteranos 2010"]
[Site "Madrid ESP"]
[Date "2010.02.08"]
[Round "1.17"]
[White "Rodriguez Bachiller, Luis"]
[Black "Zamora Pastora, Roger"]
[Result "1-0"]
[WhiteElo "1897"]
[BlackElo "1592"]
[PlyCount "79"]
[EventDate "2010.02.08"]
[EventType "swiss"]
[EventRounds "9"]
[EventCountry "ESP"]
[Source "lmi"]
[SourceDate "2010.02.08"]

1. e4 e6 2. d4 d5 3. exd5 exd5 4. Bd3 Nf6 5. Nf3 Bg4 6. O-O Be7 7. Re1 O-O 8.
Bg5 Nbd7 9. Nbd2 c5 10. c3 Re8 11. Qc2 Bxf3 12. Nxf3 c4 13. Bf5 g6 14. Bh3 Nf8
15. Re2 Ne4 16. Bh6 Bd6 17. Rae1 f5 18. Ne5 Qc7 19. g3 Nd7 20. f3 Bxe5 21. dxe5
Nxe5 22. fxe4 Nf3+ 23. Kg2 Nxe1+ 24. Rxe1 dxe4 25. Be3 Rad8 26. Bd4 Qc6 27. Kg1
a6 28. Bg2 Re6 29. Qf2 Qd6 30. Qe3 Qd7 31. h4 Qf7 32. Qg5 Rde8 33. h5 Rd6 34.
h6 Rxd4 35. cxd4 Qe7 36. Qc1 b5 37. g4 Qd6 38. Qc3 Qd5 39. gxf5 gxf5 40. Qg3+
1-0

[Event "Madrid ch Veteranos 2010"]
[Site "Madrid ESP"]
[Date "2010.02.08"]
[Round "1.18"]
[White "Moral Gonzalez, Vicente"]
[Black "Pardo Robles, Jose Manuel"]
[Result "0-1"]
[WhiteElo "1544"]
[BlackElo "1888"]
[PlyCount "80"]
[EventDate "2010.02.08"]
[EventType "swiss"]
[EventRounds "9"]
[EventCountry "ESP"]
[Source "lmi"]
[SourceDate "2010.02.08"]

1. e4 c5 2. Nf3 d6 3. Bc4 e6 4. d4 cxd4 5. Nxd4 Nf6 6. Nc3 Be7 7. O-O O-O 8.
Be2 Nc6 9. Nxc6 bxc6 10. Bf3 Qc7 11. Re1 Rb8 12. b3 Nd7 13. Bb2 Ne5 14. Rb1 Bf6
15. Na4 Rd8 16. Be2 Qe7 17. f4 Ng6 18. Bxf6 Qxf6 19. Rf1 Nxf4 20. Bd3 Qd4+ 21.
Kh1 Nxd3 22. cxd3 Ba6 23. Rf3 c5 24. Rc1 Bb5 25. Nc3 Bc6 26. Ne2 Qe5 27. Qf1
Be8 28. Nf4 Rbc8 29. Rc2 f6 30. g4 Bd7 31. Rg2 d5 32. Rh3 dxe4 33. Re2 Bc6 34.
Kg1 Qd4+ 35. Ree3 Rd6 36. Qf2 exd3 37. Qh4 h6 38. Nxe6 Rxe6 39. Qf2 Qa1+ 40.
Re1 Rxe1+ 0-1

[Event "Madrid ch Veteranos 2010"]
[Site "Madrid ESP"]
[Date "2010.02.08"]
[Round "1.19"]
[White "Lastras Hernandez, Tomas"]
[Black "Aburto Renovales, Rafael"]
[Result "1-0"]
[WhiteElo "1885"]
[BlackElo "1535"]
[PlyCount "47"]
[EventDate "2010.02.08"]
[EventType "swiss"]
[EventRounds "9"]
[EventCountry "ESP"]
[Source "lmi"]
[SourceDate "2010.02.08"]

1. d4 Nf6 2. c4 c6 3. Nc3 d5 4. cxd5 cxd5 5. Nf3 g6 6. e3 Bg7 7. Bb5+ Bd7 8.
Bxd7+ Nbxd7 9. Qb3 Nb6 10. O-O O-O 11. a4 Qd7 12. Ne5 Qc8 13. a5 Nc4 14. Nxd5
Nxd5 15. Nxc4 e6 16. Nd2 Qc7 17. Nf3 Nf6 18. Bd2 Ne4 19. Rfc1 Nxd2 20. Nxd2 Qd7
21. Ne4 Rab8 22. Rc2 Rfc8 23. Rac1 Bf8 24. Nf6+ 1-0

[Event "Madrid ch Veteranos 2010"]
[Site "Madrid ESP"]
[Date "2010.02.08"]
[Round "1.20"]
[White "Martin Rodriguez, Jose Luis"]
[Black "Garcia Lopez, Pedro"]
[Result "0-1"]
[WhiteElo "1511"]
[BlackElo "1855"]
[PlyCount "84"]
[EventDate "2010.02.08"]
[EventType "swiss"]
[EventRounds "9"]
[EventCountry "ESP"]
[Source "lmi"]
[SourceDate "2010.02.08"]

1. e4 c5 2. Nf3 a6 3. d4 cxd4 4. Nxd4 Nc6 5. Nc3 e6 6. Be3 Nf6 7. a3 Be7 8. Qd2
Ng4 9. Nxc6 bxc6 10. Bf4 e5 11. Be3 Nxe3 12. Qxe3 O-O 13. h4 d6 14. g3 f5 15.
exf5 Bxf5 16. Bd3 Qd7 17. O-O-O Kh8 18. h5 h6 19. Kb1 Bg5 20. Qe1 Bf6 21. Bxf5
Qxf5 22. Ne4 d5 23. Nxf6 Rxf6 24. Rd2 e4 25. Qe3 Rb8 26. Rh4 Qe5 27. c3 Rf3 28.
Qd4 Qxd4 29. cxd4 Rxa3 30. Rh1 Rf3 31. Rc1 Rb6 32. Rdc2 Rf6 33. Ka2 Kg8 34. Ka3
Kf7 35. Ka4 Ke8 36. Ka5 Rb3 37. Kxa6 c5+ 38. Ka5 c4 39. Rc3 Rxb2 40. R1c2 Rxf2
41. Rxf2 Rxf2 42. Kb5 Rf3 0-1

[Event "Madrid ch Veteranos 2010"]
[Site "Madrid ESP"]
[Date "2010.02.09"]
[Round "2.1"]
[White "Minguela Muñoz, Bienvenido"]
[Black "Estrada Martinez, Cesar"]
[Result "0-1"]
[WhiteElo "1900"]
[BlackElo "2182"]
[PlyCount "80"]
[EventDate "2010.02.08"]
[EventType "swiss"]
[EventRounds "9"]
[EventCountry "ESP"]
[Source "lmi"]
[SourceDate "2010.02.08"]

1. d4 Nf6 2. c4 c5 3. e3 e6 4. Nf3 d5 5. cxd5 exd5 6. Nc3 Nc6 7. Bb5 a6 8.
Bxc6+ bxc6 9. Ne5 Qc7 10. O-O Bd6 11. f4 O-O 12. h3 cxd4 13. exd4 Rb8 14. g4
Nd7 15. Qf3 Rb4 16. a3 Rxd4 17. Be3 Nxe5 18. fxe5 Bxe5 19. Bxd4 Bxd4+ 20. Kg2
Bb7 21. Rae1 Bf6 22. Qf4 Qd8 23. Qb4 Qd7 24. Rxf6 c5 25. Rd6 d4+ 26. Ne4 Bxe4+
27. Rxe4 Qxd6 28. Qb7 d3 29. Qe7 Qc6 30. Kf2 c4 31. Qe5 Rd8 32. Qa5 Rb8 33. Qe5
Rc8 34. Ke3 Qh6+ 35. Kd4 Qb6+ 36. Kc3 Qb3+ 37. Kd2 Qc2+ 38. Ke3 g6 39. Qd4 Qc1+
40. Kf2 d2 0-1

[Event "Madrid ch Veteranos 2010"]
[Site "Madrid ESP"]
[Date "2010.02.09"]
[Round "2.2"]
[White "Sanchez-Guijaldo Vela, Demetrio"]
[Black "Rodriguez Bachiller, Luis"]
[Result "1-0"]
[WhiteElo "2149"]
[BlackElo "1897"]
[PlyCount "87"]
[EventDate "2010.02.08"]
[EventType "swiss"]
[EventRounds "9"]
[EventCountry "ESP"]
[Source "lmi"]
[SourceDate "2010.02.08"]

1. e4 e6 2. d4 d5 3. exd5 exd5 4. Nf3 Bd6 5. Bd3 Nf6 6. Qe2+ Qe7 7. Qxe7+ Bxe7
8. Bf4 c6 9. O-O O-O 10. Re1 Bd8 11. Nbd2 Bg4 12. Bd6 Re8 13. Ne5 Be6 14. h3
Nbd7 15. f4 Nxe5 16. dxe5 Bb6+ 17. Kh2 Nh5 18. f5 Bd7 19. g4 Nf4 20. Kg3 Nxd3
21. cxd3 Ba5 22. b4 Bb6 23. Nb3 a5 24. a3 g6 25. Kf4 Ra6 26. Nc5 Bxc5 27. bxc5
b5 28. cxb6 Rxb6 29. Rab1 Rb5 30. a4 Rxb1 31. Rxb1 c5 32. Bxc5 Bxa4 33. Ra1 Bc2
34. Rxa5 Bxd3 35. Ra7 Be4 36. Kg5 Bd3 37. Kf6 gxf5 38. gxf5 Be4 39. Ra3 Rc8 40.
Rg3+ Kh8 41. Bd4 Rc4 42. Kxf7 h5 43. e6+ Rxd4 44. e7 1-0

[Event "Madrid ch Veteranos 2010"]
[Site "Madrid ESP"]
[Date "2010.02.09"]
[Round "2.3"]
[White "Carbonell Martinez, Juan"]
[Black "Lastras Hernandez, Tomas"]
[Result "0-1"]
[WhiteElo "2083"]
[BlackElo "1885"]
[PlyCount "99"]
[EventDate "2010.02.08"]
[EventType "swiss"]
[EventRounds "9"]
[EventCountry "ESP"]
[Source "lmi"]
[SourceDate "2010.02.08"]

1. d4 Nf6 2. Nf3 d5 3. Bf4 e6 4. e3 Bb4+ 5. c3 Bd6 6. Nbd2 O-O 7. Bd3 Bxf4 8.
exf4 Qd6 9. Ne5 c5 10. O-O Nc6 11. Ndf3 Nd7 12. Ng5 f5 13. Ngf3 cxd4 14. cxd4
Qb4 15. Nxc6 bxc6 16. Qc2 c5 17. a3 Qb6 18. Qc3 c4 19. Bc2 Nf6 20. Ne5 Rb8 21.
Rab1 Ne4 22. Qe3 Qd6 23. f3 Nf6 24. Rfe1 Rb6 25. g4 Qb8 26. Qc3 fxg4 27. fxg4
Nd7 28. Qh3 Nf6 29. g5 Ne4 30. Rxe4 dxe4 31. Bxe4 g6 32. Bxg6 Qc7 33. Bc2 Qg7
34. Qe3 Bb7 35. h4 h6 36. Ng4 hxg5 37. hxg5 Kf7 38. Nh6+ Ke8 39. f5 Bd5 40. Qf4
exf5 41. Nxf5 Qh8 42. Qe3+ Re6 43. Qg3 Kd7 44. Nh6 Qxd4+ 45. Kh2 Rf2+ 46. Kh3
Rf3 47. Bf5 Rxg3+ 48. Kxg3 Qe3+ 49. Kh4 Qf4+ 50. Kh3 0-1

[Event "Madrid ch Veteranos 2010"]
[Site "Madrid ESP"]
[Date "2010.02.09"]
[Round "2.4"]
[White "Pardo Robles, Jose Manuel"]
[Black "Lorite Cruz, Francisco"]
[Result "0-1"]
[WhiteElo "1888"]
[BlackElo "2073"]
[PlyCount "90"]
[EventDate "2010.02.08"]
[EventType "swiss"]
[EventRounds "9"]
[EventCountry "ESP"]
[Source "lmi"]
[SourceDate "2010.02.08"]

1. d4 Nf6 2. c4 e5 3. dxe5 Ng4 4. Nf3 Bc5 5. e3 Nc6 6. Nc3 Ngxe5 7. Be2 Nxf3+
8. Bxf3 Ne5 9. Be2 O-O 10. O-O Re8 11. b3 a5 12. Bb2 Ra6 13. Ne4 Ba7 14. c5 Rg6
15. Ng3 Bxc5 16. Bh5 Rd6 17. Qe2 Rc6 18. Qd2 Rh6 19. Qd5 d6 20. Bxe5 Rxe5 21.
Qxf7+ Kh8 22. Rad1 Be6 23. Qf4 Rexh5 24. Nxh5 Rxh5 25. Qf3 Qh4 26. Qf8+ Bg8 27.
h3 Qg5 28. Kh1 b5 29. e4 Qe5 30. Rde1 Qe6 31. Kh2 Rh6 32. f4 Bb4 33. Re2 d5 34.
Qa8 c6 35. e5 Qf5 36. Qa7 g5 37. e6 Bxe6 38. Kg1 gxf4 39. Qb8+ Bg8 40. Rxf4
Bc5+ 41. Kf1 Qb1+ 42. Re1 Qd3+ 43. Re2 Re6 44. Rff2 Bxf2 45. Kxf2 Rxe2+ 0-1